| 000 | 00597nam a2200181 i 4500 | ||
|---|---|---|---|
| 001 | 88685 | ||
| 003 | ES-MaACL | ||
| 005 | 20230906175914.0 | ||
| 007 | t| | ||
| 008 | 050105s1958 mx ||||1| spa d | ||
| 100 | 1 |
_aLang, Theodore. _970006 |
|
| 245 | 1 | 0 |
_aManual del contador de costos / _cdirección de Theodore Lang ; traducción del inglés revisada por Ramón Cárdenas. |
| 250 | _a1ª ed. | ||
| 260 |
_aMéxico : _b[s.n., _c1958] ( _fUnion Tip. Edit. Hispano-Americana) |
||
| 300 |
_aLII, 1558`p. ; _c19 cm. |
||
| 700 | 1 |
_aCárdenas, Ramón. _935145 |
|
| 852 |
_aES-MaACL _jC-17013 _bR.45092 |
||
| 999 |
_c88685 _d88685 |
||